00488nam a22001577a 450000500170000001000150001702000260003203500140005803700130007208200100008510000240009524500720011926000420019127000720023330000250030520181008125532.0 aENG-124210 c320.00a9788193840337 aEN-107742 bDBAD/PUB a304.2 aHaldar, Ashok Kumar aThe diversify life journey of human beings /cby Ashok Kumar Haldar aWest Bengalc2018bAshok Kumar Haldar bWest BengalaBidhanpally, P.O. Jhaljhalia, District Malda,e732102 a128p.c21(Hb.)bill.